Best Animated Movie Made In Every Year - Statistics

General Stats
  • This quiz has been taken 19 times
  • The average score is 18 of 72
Answer Stats
Hint Answer % Correct
1995: Toy Story
82%
2006: Cars
76%
1999: Toy Story 2
71%
2013: Frozen
65%
2004: The Incredibles
65%
2008: WALL-E
65%
2007: Ratatouille
59%
2001: Shrek
59%
2002: Spirited Away
59%
1991: Beauty and the Beast
53%
1950: Cinderella
53%
1994: The Lion King
53%
1989: The Little Mermaid
53%
1992: Aladdin
47%
2015: Inside Out
47%
2020: Soul
47%
2016: Zootopia
47%
2012: Brave
41%
2003: Finding Nemo
41%
2023: Spider-Man: Across the Spider-Verse
41%
2018: Spider-Man: Into the Spider-Verse
41%
2017: Coco
35%
1961: 101 Dalmatians
29%
2010: Despicable Me
29%
1953: Peter Pan
29%
1997: Princess Mononoke
29%
1959: Sleeping Beauty
29%
1996: The Hunchback of Notre Dame
29%
1967: The Jungle Book
29%
1993: The Nightmare Before Christmas
29%
1977: The Rescuers
29%
2025: Zootopia 2
29%
1951: Alice in Wonderland
24%
1955: Lady and the Tramp
24%
2022: Puss in Boots: The Last Wish
24%
2011: Rango
24%
1970: The AristoCats
24%
1981: The Fox and the Hound
24%
2021: The Mitchells vs the Machines
24%
1963: The Sword in the Stone
24%
2009: Fantastic Mr. Fox
18%
1973: Robin Hood
18%
2014: The Lego Movie
18%
1998: The Prince of Egypt
18%
1990: The Rescuers Down Under
18%
2024: The Wild Robot
18%
2000: Chicken Run
12%
2005: Wallace & Gromit: The Curse of the Were-Rabbit
12%
2026: GOAT
6%
2019: How to Train Your Dragon: The Hidden World
6%
1985: The Black Cauldron
6%
1988: Who Framed Roger Rabbit
6%
1969: A Boy Named Charlie Brown
0%
1960: Alakazam the Great
0%
1966: Alice of Wonderland in Paris
0%
1971: Bedknobs and Broomsticks
0%
1980: Be Forever Yamato
0%
1986: Castle in the Sky
0%
1975: Coonskin
0%
1983: Fire and Ice
0%
1972: Fritz the Cat
0%
1974: Jack and the Beanstalk
0%
1979: Lupin III: The Castle of Cagliostro
0%
1962: Mister Magoo’s Christmas Carol
0%
1984: Nausicaä of the Valley of the Wind
0%
1964: Rudolph the Red-Nosed Reindeer
0%
1987: The Brave Little Toaster
0%
1982: The Secret of NIMH
0%
1976: The Twelve Tasks of Asterix
0%
1978: Watership Down
0%
1965: West and Soda
0%
1968: Yellow Submarine
0%
No matching quizzes found
Score Distribution
Percent of People with Each Score
Percentile by Number Answered
Your Score History
You have not taken this quiz